000 00695nam a2200253Ia 4500
003 OSt
005 20221006142547.0
006 a|||||r|||| 00| 0
007 ta
008 221006b |||||||| |||| 00| 0 eng d
020 _c67.15
024 _a6,592
037 _cTextual
040 _aEASL
_cEASL
_beng
041 _2eng
_aeng
082 _aY:49(X:3M).595.N58, L9
100 _aOssowski Stanislaw
_981774
245 0 _aClass structure in the social consciousness
260 _aLondon
_bRoutledge & Kegan Paul
_c1979
300 _a202p[.
_ccm.
490 _v Oth
942 _hY:49(X:3M).595.N58, L9
_cTEXL
_2CC
999 _c1074678
_d1074678